| 000 | 00467nam a2200181Ia 4500 | ||
|---|---|---|---|
| 001 | 23944 | ||
| 005 | 20260414151011.0 | ||
| 008 | 260414t1970||||xx |||||||||||||| ||spa|| | ||
| 041 | _aESP | ||
| 082 |
_a724.12 _bS726 |
||
| 100 |
_aScott, Geoffrey, _eAUT |
||
| 245 | 0 |
_aLa arquitectura del humanismo : _bn estudio sobre la historia del gusto |
|
| 260 | _c1970 | ||
| 300 |
_a209 páginas : _c20 cm. |
||
| 650 | _aABD | ||
| 654 | _aCAU | ||
| 942 |
_cLIB _dJUS _fJUS _2ddc _n |
||
| 999 |
_c23944 _d23944 |
||